La economía de la literatura / (Record no. 143790)

MARC details
000 -LEADER
campo de control de longitud fija 00830nam a2200241 4500
001 - NÚMERO DE CONTROL
campo de control 143790
003 - IDENTIFICADOR DE NÚMERO DE CONTROL
campo de control ES-MaACL
007 - CAMPO FIJO DE DESCRIPCIÓN FÍSICA--INFORMACIÓN GENERAL
campo de control de longitud fija t|
008 - DATOS DE LONGITUD FIJA--INFORMACIÓN GENERAL
campo de control de longitud fija 070214s1981 mx r ||||1| spa d
020 ## - NÚMERO INTERNACIONAL ESTÁNDAR DEL LIBRO
Número Internacional Estándar del Libro 968-16-0818
100 1# - ENTRADA PRINCIPAL--NOMBRE DE PERSONA
Nombre de persona Shell, Marc.
9 (RLIN) 106065
245 13 - MENCIÓN DEL TÍTULO
Título La economía de la literatura /
Mención de responsabilidad, etc. Marc Shell ; traducción de Jorge Aguilar Mora.
250 ## - MENCION DE EDICION
Mención de edición 1ª. ed. en español.
260 ## - PUBLICACIÓN, DISTRIBUCIÓN, ETC.
Lugar de publicación, distribución, etc. México :
Nombre del editor, distribuidor, etc. Fondo de Cultura Económica,
Fecha de publicación, distribución, etc. 1981.
300 ## - DESCRIPCIÓN FÍSICA
Extensión 326 p., 12 lám. :
Otras características físicas 17 cm.
490 1# - MENCIÓN DE SERIE
Mención de serie Breviarios del Fondo de Cultura Económica ;
Designación de volumen o secuencia 303
650 #7 - PUNTO DE ACCESO ADICIONAL DE MATERIA--TÉRMINO DE MATERIA
Término de materia o nombre geográfico como elemento de entrada Literatura y sociedad
Fuente del encabezamiento o término embne
9 (RLIN) 14679
700 1# - ENTRADA AGREGADA--NOMBRE PERSONAL
Nombre de persona Aguilar Mora, Jorge.
9 (RLIN) 18735
830 0# - PUNTO DE ACCESO ADICIONAL DE SERIE-TÍTULO UNIFORME
Título uniforme Breviarios del Fondo de Cultura Económica ;
Designación de volumen o secuencia 303
9 (RLIN) 179682
852 ## - LOCALIZACIÓN
Ubicación ES-MaACL
Número de control de estantería L-8418
Sublocalización o colección R.109120
itemnumber 148986
Ubicación en estantería Depósito 2
942 ## - ELEMENTOS DE ENTRADA SECUNDARIOS (KOHA)
Fuente del sistema de clasificación o colocación Clasificación decimal universal
Holdings
Estatus retirado Estado de pérdida Fuente del sistema de clasificación o colocación Estado de daño No para préstamo Biblioteca de origen Biblioteca actual Ubicación en estantería Fecha de adquisición Total de préstamos Signatura topográfica completa Código de barras Visto por última vez Precio de reemplazo Tipo de ítem Koha
    Clasificación decimal universal     Biblioteca del Ateneo de Madrid Biblioteca del Ateneo de Madrid Depósito 2 17/01/2008   L-8418 1149603 23/02/2023 23/02/2023 Libro impreso